000 00490cam a2200193ua 4500
020 _c325.00
041 _aeng
_h
082 _a551.498
_bBRU/WE
100 _aBrush, Richard.E .
245 _aWells construction : Hand dug and hand drilled /
_cE.Richard Brush.
_hTextual Documents
250 _a1 /
_b.
260 _aJaipur :
_bAcademic Press ,
_c1987.
300 _a282 ; .
365 _a325.00
504 _a
942 _cBK
999 _c2021
_d2021